Score 0/24 Timer 03:00
0 Plays Today
Movie Title Missing Word % Correct
The Greatest _____ Ever Told (1965)Story
97%
Conan the _____ (1982) Barbarian
96.5%
Clash of the _____ (2010) Titans
96.5%
Ben-_____ (1959)Hur
96%
The Ten _____ (1956)Commandments
96%
_____ Caesar (1953)Julius
94.8%
_____ of Arabia (1962)Lawrence
94.5%
Helen _____ Troy (1956)Of
94.3%
_____ of Sheba (1959)Queen
94.1%
The Scorpion _____ (2002)King
93.7%
300: Rise of an _____ (2014)Empire
92.8%
The _____ of the Roman Empire (1964)Fall
89.5%
Movie Title Missing Word % Correct
Jason and the _____ (1963)Argonauts
87%
Carthage _____ Flames (1960)In
85.9%
Nefertiti, Queen of the _____ (1961)Nile
82.2%
The Last _____ of Pompeii (1935)Days
82.1%
_____ Hercules (1998)Young
80%
Prince of _____: The Sands of Time (2010)Persia
79.6%
Exodus:_____ and Kings (2014)Gods
76.4%
Seven Slaves Against the _____ (1964)World
72.3%
_____ the Spartans (2008)Meet
70.8%
The Colossus of _____ (1961)Rhodes
66.9%
Quo _____ (1951)Vadis
49.9%
Hercules, Samson And _____ (1964)Ulysses
48.8%

Today's Daily Dose

Missing Word
'M' Pairs

Quick Pick
'F' Video Games

Get the Picture
MCU Captains

You're not logged in!

Compare scores with friends on all Sporcle quizzes.
OR
Log In

Sporcle TV

Today on Sporcle TV


Watch our educational content, quiz creation guides, and fun videos on Sporcle TV.

Show Comments

Extras

Top Quizzes Today


Score Distribution

Paid Content

Your Account Isn't Verified!

In order to create a playlist on Sporcle, you need to verify the email address you used during registration. Go to your Sporcle Settings to finish the process.

Report this User

Report this user for behavior that violates our Community Guidelines.

Details: